| 000 | 00428nam a2200181Ia 4500 | ||
|---|---|---|---|
| 001 | 20138 | ||
| 005 | 20260306172744.0 | ||
| 008 | 260306t2004||||xx |||||||||||||| ||spa|| | ||
| 041 | _aESP | ||
| 082 |
_a342.53 _bM22 |
||
| 100 |
_aManrique Moreno, Ciro, 1935- _eAUT |
||
| 245 | 0 | _aDerecho del mar | |
| 260 | _c2004 | ||
| 300 |
_axxix, 392 páginas : _c21 cm. |
||
| 650 | _aGEN | ||
| 654 | _aCDE | ||
| 942 |
_cLIB _dJUS _fJUS _2ddc _n |
||
| 999 |
_c20138 _d20138 |
||